|
|
|
|
| LEADER |
00818nam a2200217 a 4500 |
| 008 |
091124s1993 enk b 001 0 eng d |
| 020 |
|
|
|a 0712108459
|
| 040 |
|
|
|a DLC
|c DLC
|
| 082 |
0 |
0 |
|a 330
|2 22
|
| 100 |
1 |
|
|a Ison, Stephen.
|
| 245 |
1 |
0 |
|a Economics /
|c Stephen Ison.
|
| 260 |
|
|
|a London :
|b longman ;
|b Pitman publishing,
|c 1993.
|
| 300 |
|
|
|a vi, 280 p. :
|b ill. ;
|c 22 cm.
|
| 490 |
0 |
|
|a The M&E handbook series
|
| 504 |
|
|
|a Includes bibliographical references and index.
|
| 541 |
1 |
|
|e 00012775
|
| 650 |
|
0 |
|a Economics
|v Textbooks.
|
| 700 |
1 |
|
|a Wall, Stuart,
|d 1946-
|
| 852 |
4 |
|
|a Ayesha Abed Library
|j General Shelf
|
| 999 |
|
|
|c 5896
|d 5896
|
| 952 |
|
|
|0 0
|1 4
|2 ddc
|4 0
|6 330_000000000000000_ISO
|7 0
|9 5883
|a BRACUL
|b BRACUL
|c GEN
|d 2009-12-06
|g 0.00
|l 0
|o 330 ISO
|p 3010012775
|r 2009-12-06
|t 1
|w 2009-12-06
|y BK
|x No price found in the accession register.
|